| 000 | 01156aam a2200325 i 4500 | ||
|---|---|---|---|
| 999 |
_c45126 _d45126 |
||
| 001 | 768714001 | ||
| 003 | CO-MdFUSB | ||
| 005 | 20240618062714.0 | ||
| 008 | 190527t1990 -us |||| |||| 00| 0 eng d | ||
| 020 | _a0890661901 | ||
| 040 |
_aCO-MdFUSB _bspa _cCO-MdFUSB _dCO-MdFUSBC _erda |
||
| 041 | _aeng | ||
| 082 | 0 | 4 |
_a26 _2G 266 _bP963 |
| 245 | 1 | 0 |
_aProclaim Christ until he comes : _bcalling the whole church to take the whole gospel to the whole world _c/ Editado podr J. D. Douglas |
| 264 | 1 |
_aMinneapolis, Minnesota : _bWorld Wide Publications, _c[1990] |
|
| 264 | 4 | _c© 1990 | |
| 300 |
_a463 páginas _c; 24 cm |
||
| 336 |
_atexto _btxt _2rdacontent |
||
| 337 |
_2rdamedia _asin mediación _bn |
||
| 338 |
_2rdacarrier _avolumen _bnc |
||
| 505 | 0 | _aToda la iglesia. -- Todo el evangelio. -- El evangelio completo: estudios bíblicos. -- El mundo entero. -- Discurso de clausura. | |
| 563 | _aRústico | ||
| 650 | 0 |
_9362 _aEvangelización |
|
| 650 | 0 |
_aMisiones _9154 |
|
| 650 | 0 |
_91118 _aAdministración eclesiástica |
|
| 653 | _aIglesia y misión. | ||
| 700 |
_91997 _aDouglas, J. D., _eeditor |
||
| 942 | _cBK | ||
| 945 |
_aJTF-925 _bAEM-53 |
||